1406 1624 1768 1338 1443 1062 1012 1256 1009 1061 1715 1608 1923 1736 1365 1799 1264 1506 1271 1866 1308 1717 1560 1752 1685 1999 1672 1570 1630 1786 1109 1767 1006 1406 1116 1992 1198 1744 1681 1329 1308 1765 1935 1576 1640 1560 1946 1122 1598 1230 1799 1138 1931 1756 1378 1977 1413 1668 1075 1913 1605 1464 1799 1503 1114 1111 1956 1911 1131 1497 1752 1196 1214 1512 1107 1005 1898 1263 1055 1092 1500 1082 1453 1341 1659 1094 1311 1575 1155 1816 1512 1975 1291 1105 1003 1517 1401 1959 1592 BCNSPRNW ULIB Ver.6.0+V

เปลี่ยนเป็นภาษาไทย

Change to English
 แสดงรายละเอียดบรรณานุกรม
  กลับหน้าหลัก

Brief Record : Get Marc (ISO 2709) : E-mail record : QR code < ปิดหน้าต่าง
LEADER : 00000nam 2200000uu 4500
001    13399128817
003     ULIB
008    241008s2565||||th 000 0 tha d
020    ^a9786168201244^c399
060    ^aWW100^bช175
110    ^aภาควิชาจักษุวิทยา คณะแพทย์ศาสตร์ศิริราช
245 10 ^aShort note จักษุศิริราช:^bการศึกษาก่อนปริญญา ภาควิชาจักษุวิทยา คณะแพทย์ศาสตร์ศิริราชพยาบาลภาควิชาจักษุวิทยา คณะแพทย์ศาสตร์ศิริราช
260    ^aกรุงเทพฯ:^bภาควิชาจักษุวิทยา คณะแพทย์ศาสตร์ศิริราช,^c2565
300    ^a388 หน้า
650    ^aจักษุวิทยา
650    ^aจักษุวิทยา^xการศึกษาและการสอน
945    ^p399^l0^i010975
945    ^p399^l0^i010976
945    ^p399^l0^i010977
945    ^p399^l0^i010978
945    ^p399^l0^i010979
999    ^aประนอม เกษจรัล
รายการนี้ยังไม่มีแท็ก
คุณยังไม่ได้ล็อกอิน คุณสามารถมีกิจกรรมร่วมกับเว็บไซต์ได้ แต่ต้องล็อกอินก่อน ::
  ล็อกอิน

รายการสื่อสารสนเทศ

ลำดับที่ ประเภท เลขเรียก/บาร์โค้ด สถานที่ สถานะ
1. วิทยาศาสตร์การแพทย์ และสุขภาพ
หนังสือสำรอง
สถานะ=หนังสือสำรอง
WW100 ช175 ฉ.1 
  Barcode: 010975
ห้องสมุดวิทยาเขตสวรรค์ประชารักษ์
►หนังสือทั่วไป
บนชั้น
2. วิทยาศาสตร์การแพทย์ และสุขภาพ
วิทยาศาสตร์การแพทย์ และสุขภาพ
WW100 ช175 ฉ.2 
  Barcode: 010976
ห้องสมุดวิทยาเขตสวรรค์ประชารักษ์
►หนังสือทั่วไป
บนชั้น
3. วิทยาศาสตร์การแพทย์ และสุขภาพ
วิทยาศาสตร์การแพทย์ และสุขภาพ
WW100 ช175 ฉ.3 
  Barcode: 010977
ห้องสมุดวิทยาเขตสวรรค์ประชารักษ์
►หนังสือทั่วไป
ถูกยืม กำหนดส่งวันที่ 15 พฤษภาคม 2569
  จอง
4. วิทยาศาสตร์การแพทย์ และสุขภาพ
วิทยาศาสตร์การแพทย์ และสุขภาพ
WW100 ช175 ฉ.4 
  Barcode: 010978
ห้องสมุดวิทยาเขตสวรรค์ประชารักษ์
►หนังสือทั่วไป
ถูกยืม กำหนดส่งวันที่ 22 มิถุนายน 2569
  จอง
5. วิทยาศาสตร์การแพทย์ และสุขภาพ
วิทยาศาสตร์การแพทย์ และสุขภาพ
WW100 ช175 ฉ.5 
  Barcode: 010979
ห้องสมุดวิทยาเขตสวรรค์ประชารักษ์
►หนังสือทั่วไป
บนชั้น

รายการใกล้เคียง
    หัวเรื่อง [จักษุวิทยา]

BibComment


ยังไม่เคยถูกคอมเมนท์

คอมเมนท์ทรัพยากรรายการนี้
  คอมเมนท์: Short note จักษุ..


 Copyright 2026. Bcnsprnw @Library